000 00587nam a2200241Ia 4500
003 OSt
005 20221005115629.0
006 a|||||r|||| 00| 0
007 ta
008 221004b |||||||| |||| 00| 0 mal d
024 _a53027
037 _cTextual
040 _aCRL
_cCRL
_bmal
041 _2mal
_amal
082 _aB943, 32J6
100 _aNambudiripad M.C.
_9626949
245 0 _aChovva manushyan
260 _c1956
300 _a49p.
_ccm.
650 _aMATHEMATICS
942 _hB943, 32J6
_cTEXL
_2cc
999 _c1035446
_d1035446